|
|
|
|
| LEADER |
01223nam a2200217 a 4500 |
| 001 |
GR-Patra30246 |
| 008 |
100427s gr 000 0 gre d |
| 040 |
|
|
|a GrPaTEI
|b gre
|c GR-PaULI
|
| 040 |
|
|
|a GrPaTEI
|b gre
|c GR-PaULI
|
| 082 |
|
0 |
|a 384.51
|2 22
|
| 110 |
2 |
|
|a Ελληνικός Οργανισμός Τυποποίησης
|
| 245 |
1 |
0 |
|a ΕΛΟΤ 1422-3 =
|b Radiocommunication antenna collocation-Part 3: Testing and measurement techniques-Limits : Συνεγκατάσταση κεραιών ραδιοεπικοινωνιών-Μέρος 3: Τεχνικές δοκιμών και μετρήσεων-Όρια.
|
| 260 |
|
|
|a Αθήνα :
|b Ελληνικός Οργανισμός Τυποποίησης,
|c c2007
|
| 300 |
|
|
|a 127σ.
|
| 650 |
|
4 |
|a Ελληνικό πρότυπο
|
| 650 |
|
4 |
|a Ραδιοεπικοινωνίες
|x Δοκιμές και μετρήσεις
|
| 710 |
0 |
|
|a Ελληνικός Οργανισμός Τυποποίησης
|
| 942 |
|
|
|2 ddc
|
| 952 |
|
|
|0 0
|1 0
|2 ddc
|4 0
|6 384_510000000000000_ΕΛΟ
|7 1
|9 311943
|a LISK
|b LISK
|c BSC
|d 2021-01-17
|e 24
|f 1
|g 0.00
|l 0
|o 384.51 ΕΛΟ
|p 92410048153
|r 2021-01-17 00:00:00
|t 1
|w 2021-01-17
|y BKN
|x 20100427 0 0
|x GrPaTEI
|
| 971 |
|
|
|a .b2677818x
|b 15-04-20
|c 26-09-16
|
| 999 |
|
|
|c 179056
|d 179056
|